000 00393nam a2200145 i 4500
001 20133
003 ES-MaACL
005 20230906152236.0
007 t|
008 021107s1972 sp ||||1| spa d
245 0 3 _aEl agua en la poesía hispánica.
260 _aLeón :
_bInstituto Fray Bernardino de Sahagún,
_c[1972]
300 _a106 p. ;
_c18 cm.
852 _aES-MaACL
_jC-45885
_bR.83530
999 _c20133
_d20133